000 00560nam a2200181Ia 4500
003 GCL
008 140319s9999 xx 000 0 ara d
040 _aGCL /
_cGCL
082 0 4 _a810.9
_bب ف
100 1 _aبروكلمان ، كارل
245 1 0 _aالفهارس العربية لكتاب تاريخ الادب العربى : الجزء 2 , 3 , 4 , 5 /
_cبروكلمان ، كارل
700 1 _aدرية الخطيب
300 _aمتعدد
490 _a
650 0 4 _aالادب العربى
650 0 4 _aتاريخ ونقد
942 _2ddc
_cBK
999 _c44193
_d44193